000 00926cam a2200301 i 4500
001 7279
003 BD-RjUL
005 20211208234406.0
008 147011s1959 nyua 001 0 eng d
020 _a0023709006
035 _a(BD-RjUL)7322
040 _aDLC
_cDLC
_dDLC
_d(BD-RjUL)
_beng
041 _aeng
082 0 0 _a519
_bLII
100 1 _aLindgren, B. W.
_q(Bernard William),
_d1924-
_96032
245 1 0 _aIntroduction to probability and statistics /
_cB. W. Lindgren, G. W. McElrath, D. A. Berry.
260 _aNew York :
_bMacmillan,
_cc1959
300 _axii, 277p. :
_bill. ;
_c24 cm.
500 _aIncludes index.
504 _aIncludes Index
650 0 _aMathematical statistics.
_922745
650 0 _aProbabilities.
_9243
700 1 _aMcElrath, G. W.,
_ejoint author.
_922746
700 1 _aBerry, Donald A.,
_ejoint author.
_97875
942 _2ddc
_cBK
999 _c7279
_d7279